|
|
|
|
| LEADER |
00899nam a2200253 a 4500 |
| 001 |
000458562 |
| 003 |
CZ BrMZK |
| 005 |
20100524083939.0 |
| 007 |
ta |
| 008 |
980115s1983 hu f hun d |
| 040 |
|
|
|a BOA001
|b cze
|
| 041 |
0 |
|
|a hun
|b ger
|
| 080 |
|
|
|a 027.1(439)"1545/1721"(083.81)
|2 MRF
|
| 245 |
0 |
0 |
|a Magángyűjtemények Magyároszágen 1545-1721 :
|b könyvjegyzétek bibliográfiája /
|c ósszeállit. Herner János, Monok István
|
| 260 |
|
|
|a Szeged :
|b József Attila Tudományegyetem,
|c 1983
|
| 300 |
|
|
|a 20, 172 s.
|
| 490 |
1 |
|
|a Könyvtártörténeti füzetek ;
|v 3
|
| 546 |
|
|
|a Německé resumé
|
| 700 |
1 |
|
|a Herner, Jánosz
|4 com
|
| 700 |
1 |
|
|a Monok, István,
|d 1956-
|7 jn19990210441
|4 com
|
| 830 |
|
0 |
|a Könyvtártörténeti füzetek
|
| 910 |
|
|
|a BOA001
|b 2-0879.426
|
| 990 |
|
|
|a BK
|
| 996 |
7 |
|
|b 2619381574
|c 2-0879.426
|l MZK
|r Sklad / do 1 hodiny
|n 0
|w 000458562
|u 000010
|a 1
|e BOA001
|j MZK50
|s A
|